[Event "DEM U12w 2022"]
[Site "Willingen GER"]
[Date "2022.06.08"]
[Round "6"]
[White "Vasylenko, Nadeja"]
[Black "Huber, Laura"]
[Result "0-1"]
[Termination "normal"]
[Board "7"]
[WhiteElo "1305"]
[BlackElo "1340"]
[WhiteClock "00:50:53"]
[BlackClock "00:35:32"]
[PlyCount "146"]
[WhiteFideId "34161457"]
[BlackFideId "16270940"]
[EventCountry "GER"]
[EventRounds "9"]
[EventType "swiss"]
[EventDate "2022.06.04"]

1. e4 {[%clk 01:30:57]} {[%emt 00:00:03]} e5 {[%clk 01:30:55]} {[%emt
00:00:25]} 2. Nf3 {[%clk 01:31:21]} {[%emt 00:00:06]} Nc6 {[%clk 01:31:21]}
{[%emt 00:00:05]} 3. d4 {[%clk 01:31:47]} {[%emt 00:00:03]} exd4 {[%clk
01:31:42]} {[%emt 00:00:09]} 4. Nxd4 {[%clk 01:32:12]} {[%emt 00:00:05]} Bc5
{[%clk 01:25:37]} {[%emt 00:06:35]} 5. Be3 {[%clk 01:31:27]} {[%emt 00:01:15]}
Qf6 {[%clk 01:17:46]} {[%emt 00:08:22]} 6. c3 {[%clk 01:27:22]} {[%emt
00:04:35]} Nge7 {[%clk 01:08:43]} {[%emt 00:09:33]} 7. Qd2 {[%clk 01:22:53]}
{[%emt 00:04:57]} a6 {[%clk 01:01:40]} {[%emt 00:07:34]} 8. Be2 {[%clk
01:17:01]} {[%emt 00:06:22]} d6 {[%clk 00:51:10]} {[%emt 00:11:00]} 9. Bf3
{[%clk 01:09:30]} {[%emt 00:08:01]} Ne5 {[%clk 00:48:15]} {[%emt 00:03:25]} 10.
Be2 {[%clk 01:02:05]} {[%emt 00:07:54]} h6 {[%clk 00:40:55]} {[%emt 00:07:51]}
11. Nb3 {[%clk 00:52:41]} {[%emt 00:09:54]} Bxe3 {[%clk 00:39:23]} {[%emt
00:02:02]} 12. Qxe3 {[%clk 00:46:56]} {[%emt 00:06:15]} N7g6 {[%emt 00:10:30]}
13. N1d2 Nf4 {[%clk 00:35:07]} 14. O-O {[%clk 00:39:27]} {[%emt 00:03:14]} Qg5
{[%clk 00:29:31]} {[%emt 00:06:06]} 15. Bf3 {[%clk 00:35:02]} {[%emt 00:04:55]}
Nxf3+ {[%clk 00:27:23]} {[%emt 00:02:37]} 16. Qxf3 {[%clk 00:34:53]} {[%emt
00:00:39]} Bg4 {[%clk 00:19:27]} {[%emt 00:08:26]} 17. Qe3 {[%clk 00:32:22]}
{[%emt 00:03:00]} Be2 {[%clk 00:18:57]} {[%emt 00:01:02]} 18. g3 {[%clk
00:31:00]} {[%emt 00:01:52]} Nh3+ {[%clk 00:17:07]} {[%emt 00:02:20]} 19. Kh1
{[%clk 00:28:13]} {[%emt 00:03:17]} Qxe3 {[%clk 00:16:56]} {[%emt 00:00:41]}
20. fxe3 {[%emt 00:00:14]} Bxf1 {[%clk 00:17:20]} {[%emt 00:00:04]} 21. Rxf1
{[%clk 00:28:51]} {[%emt 00:00:09]} Ng5 {[%clk 00:17:01]} {[%emt 00:00:49]} 22.
Nd4 {[%clk 00:29:07]} {[%emt 00:00:14]} O-O {[%clk 00:16:21]} {[%emt 00:01:11]}
23. h4 {[%clk 00:28:25]} {[%emt 00:01:11]} Ne6 {[%clk 00:16:24]} {[%emt
00:00:28]} 24. Kg2 {[%clk 00:28:21]} {[%emt 00:00:33]} Nc5 {[%clk 00:15:48]}
{[%emt 00:01:06]} 25. b3 {[%clk 00:25:30]} {[%emt 00:03:21]} Rfe8 {[%clk
00:15:42]} {[%emt 00:00:37]} 26. Kf3 {[%clk 00:25:37]} {[%emt 00:00:23]} Re7
{[%clk 00:14:56]} {[%emt 00:01:16]} 27. b4 {[%clk 00:23:14]} {[%emt 00:02:52]}
Nd7 {[%clk 00:14:39]} {[%emt 00:00:47]} 28. g4 {[%clk 00:19:40]} {[%emt
00:04:03]} Ne5+ {[%clk 00:12:05]} {[%emt 00:03:05]} 29. Kg3 {[%clk 00:19:33]}
{[%emt 00:00:37]} Rd8 {[%clk 00:11:34]} {[%emt 00:01:02]} 30. N2f3 {[%clk
00:13:50]} {[%emt 00:06:13]} Nc4 {[%clk 00:10:30]} {[%emt 00:01:33]} 31. Re1
{[%clk 00:14:02]} {[%emt 00:00:18]} Rxe4 {[%clk 00:10:01]} {[%emt 00:01:00]}
32. Nc2 {[%clk 00:14:07]} {[%emt 00:00:25]} Rde8 {[%clk 00:09:23]} {[%emt
00:01:08]} 33. Kf2 {[%clk 00:14:12]} {[%emt 00:00:24]} Rxg4 {[%clk 00:08:35]}
{[%emt 00:01:18]} 34. h5 {[%clk 00:14:35]} {[%emt 00:00:07]} Rge4 {[%clk
00:08:13]} {[%emt 00:00:52]} 35. a3 {[%clk 00:13:39]} {[%emt 00:01:26]} Ne5
{[%clk 00:04:42]} {[%emt 00:04:00]} 36. Nxe5 {[%clk 00:13:45]} {[%emt
00:00:24]} R8xe5 {[%clk 00:04:02]} {[%emt 00:01:10]} 37. Rh1 {[%clk 00:14:03]}
{[%emt 00:00:12]} Rc4 {[%clk 00:03:40]} {[%emt 00:00:53]} 38. Ke2 {[%clk
00:14:04]} {[%emt 00:00:28]} Rxc3 {[%clk 00:02:13]} {[%emt 00:01:57]} 39. Kd2
{[%clk 00:14:27]} {[%emt 00:00:07]} Rb3 {[%clk 00:01:28]} {[%emt 00:01:16]} 40.
Rh2 {[%clk 00:13:29]} {[%emt 00:01:27]} Rd5+ {[%clk 00:00:58]} {[%emt
00:01:01]} 41. Kc1 {[%clk 00:13:43]} {[%emt 00:00:16]} Rbd3 {[%clk 00:00:36]}
{[%emt 00:00:51]} 42. Kb2 {[%clk 00:13:45]} {[%emt 00:00:28]} Rd2 {[%clk
00:00:40]} {[%emt 00:00:27]} 43. Rh1 {[%clk 00:13:33]} {[%emt 00:00:42]} Rg2
{[%clk 00:27:27]} {[%emt 00:03:43]} 44. e4 {[%clk 00:42:13]} {[%emt 00:01:49]}
Rdd2 {[%clk 00:26:12]} {[%emt 00:01:46]} 45. Rc1 {[%clk 00:42:29]} {[%emt
00:00:14]} g6 {[%clk 00:25:42]} {[%emt 00:01:00]} 46. hxg6 {[%clk 00:42:50]}
{[%emt 00:00:09]} fxg6 {[%clk 00:26:02]} {[%emt 00:00:10]} 47. Kc3 {[%clk
00:43:09]} {[%emt 00:00:07]} Rxc2+ {[%clk 00:26:15]} {[%emt 00:00:20]} 48. Rxc2
{[%clk 00:43:26]} {[%emt 00:00:13]} Rxc2+ {[%clk 00:26:42]} {[%emt 00:00:03]}
49. Kxc2 {[%clk 00:43:51]} {[%emt 00:00:06]} h5 {[%clk 00:27:09]} {[%emt
00:00:03]} 50. Kd3 {[%clk 00:43:56]} {[%emt 00:00:25]} h4 {[%clk 00:27:24]}
{[%emt 00:00:15]} 51. Ke3 {[%clk 00:44:17]} {[%emt 00:00:08]} g5 {[%clk
00:27:48]} {[%emt 00:00:06]} 52. Kf3 {[%clk 00:44:33]} {[%emt 00:00:14]} Kf7
{[%clk 00:27:55]} {[%emt 00:00:23]} 53. Kg4 {[%clk 00:44:50]} {[%emt 00:00:13]}
Kf6 {[%emt 00:00:12]} 54. a4 {[%clk 00:45:08]} {[%emt 00:00:11]} Ke5 {[%clk
00:28:34]} {[%emt 00:00:11]} 55. Kf3 {[%clk 00:45:25]} {[%emt 00:00:13]} b6
{[%clk 00:28:50]} {[%emt 00:00:14]} 56. b5 {[%clk 00:45:34]} {[%emt 00:00:21]}
axb5 {[%clk 00:29:03]} {[%emt 00:00:16]} 57. axb5 {[%clk 00:45:59]} {[%emt
00:00:05]} d5 {[%clk 00:29:20]} {[%emt 00:00:13]} 58. exd5 {[%clk 00:46:19]}
{[%emt 00:00:10]} Kxd5 {[%clk 00:29:44]} {[%emt 00:00:06]} 59. Kg4 {[%clk
00:46:31]} {[%emt 00:00:18]} Kc5 {[%clk 00:30:09]} {[%emt 00:00:06]} 60. Kxg5
{[%clk 00:46:56]} {[%emt 00:00:05]} h3 {[%clk 00:30:31]} {[%emt 00:00:08]} 61.
Kg4 {[%clk 00:47:18]} {[%emt 00:00:30]} h2 {[%clk 00:30:50]} {[%emt 00:00:11]}
62. Kg3 {[%clk 00:47:28]} {[%emt 00:00:20]} h1=Q {[%clk 00:31:03]} {[%emt
00:00:17]} 63. Kf4 {[%clk 00:47:23]} {[%emt 00:00:34]} Qd5 {[%clk 00:31:24]}
{[%emt 00:00:08]} 64. Ke3 {[%clk 00:47:48]} {[%emt 00:00:07]} Qd4+ {[%clk
00:31:44]} {[%emt 00:00:10]} 65. Ke2 {[%clk 00:48:10]} {[%emt 00:00:08]} Qc3
{[%clk 00:32:07]} {[%emt 00:00:05]} 66. Kd1 {[%clk 00:48:33]} {[%emt 00:00:08]}
Qb2 {[%clk 00:32:32]} {[%emt 00:00:05]} 67. Ke1 {[%clk 00:48:58]} {[%emt
00:00:05]} Qc2 {[%clk 00:32:59]} {[%emt 00:00:03]} 68. Kf1 {[%clk 00:49:24]}
{[%emt 00:00:06]} Qd2 {[%clk 00:33:24]} {[%emt 00:00:04]} 69. Kg1 {[%clk
00:49:23]} {[%emt 00:00:31]} Qe2 {[%clk 00:33:50]} {[%emt 00:00:03]} 70. Kh1
{[%clk 00:49:43]} {[%emt 00:00:10]} Kd4 {[%clk 00:34:18]} {[%emt 00:00:02]} 71.
Kg1 {[%clk 00:50:04]} {[%emt 00:00:09]} Ke3 {[%clk 00:34:45]} {[%emt 00:00:04]}
72. Kh1 {[%clk 00:50:32]} {[%emt 00:00:02]} Kf3 {[%clk 00:35:05]} {[%emt
00:00:09]} 73. Kg1 {[%clk 00:50:53]} {[%emt 00:00:09]} Qg2# {[%clk 00:35:32]}
{[%emt 00:00:03]} 0-1

[Event "DEM U12w 2022"]
[Site "Willingen GER"]
[Date "2022.06.08"]
[Round "6"]
[White "Xiao, Yiyi"]
[Black "Bakó, Isabella"]
[Result "1-0"]
[Termination "normal"]
[Board "9"]
[WhiteElo "1064"]
[BlackElo "1247"]
[WhiteClock "01:53:03"]
[BlackClock "00:31:55"]
[PlyCount "163"]
[WhiteFideId "34605665"]
[BlackFideId "16287266"]
[EventCountry "GER"]
[EventRounds "9"]
[EventType "swiss"]
[EventDate "2022.06.04"]

1. e4 {[%clk 01:30:56]} {[%emt 00:00:03]} c5 {[%clk 01:30:56]} {[%emt
00:00:06]} 2. Nf3 {[%clk 01:31:20]} {[%emt 00:00:05]} d6 {[%clk 01:31:13]}
{[%emt 00:00:13]} 3. Bc4 {[%clk 01:31:11]} {[%emt 00:00:40]} Nf6 {[%clk
01:30:54]} {[%emt 00:00:48]} 4. d3 {[%clk 01:31:13]} {[%emt 00:00:29]} Nc6
{[%clk 01:29:37]} {[%emt 00:01:45]} 5. Be3 {[%clk 01:30:35]} {[%emt 00:01:09]}
e6 {[%clk 01:28:18]} {[%emt 00:01:49]} 6. Bb3 {[%clk 01:29:19]} {[%emt
00:01:47]} Be7 {[%clk 01:25:19]} {[%emt 00:03:28]} 7. Nc3 {[%clk 01:29:11]}
{[%emt 00:00:38]} d5 {[%clk 01:19:21]} {[%emt 00:06:28]} 8. e5 {[%clk
01:29:01]} {[%emt 00:00:41]} Nd7 {[%clk 01:16:52]} {[%emt 00:02:59]} 9. d4
{[%clk 01:28:25]} {[%emt 00:01:06]} a6 {[%clk 01:10:28]} {[%emt 00:06:54]} 10.
dxc5 {[%clk 01:27:04]} {[%emt 00:01:50]} Nxc5 {[%clk 01:09:54]} {[%emt
00:01:04]} 11. Qd2 {[%clk 01:25:44]} {[%emt 00:01:50]} O-O {[%clk 01:04:21]}
{[%emt 00:06:04]} 12. O-O-O {[%clk 01:24:55]} {[%emt 00:01:18]} b5 {[%clk
01:04:01]} {[%emt 00:00:50]} 13. a3 {[%clk 01:23:46]} {[%emt 00:01:39]} b4
{[%clk 01:01:34]} {[%emt 00:02:57]} 14. Bxc5 {[%clk 01:23:10]} {[%emt
00:01:06]} Bxc5 {[%clk 01:01:29]} {[%emt 00:00:35]} 15. Na4 {[%clk 01:22:41]}
{[%emt 00:00:59]} Be7 {[%clk 01:00:58]} {[%emt 00:01:00]} 16. axb4 {[%clk
01:22:29]} {[%emt 00:00:42]} Nxb4 {[%clk 00:59:47]} {[%emt 00:01:42]} 17. Nd4
{[%clk 01:21:08]} {[%emt 00:01:51]} Bd7 {[%clk 00:58:23]} {[%emt 00:01:53]} 18.
f4 {[%clk 01:19:42]} {[%emt 00:01:57]} Bxa4 {[%clk 00:57:37]} {[%emt 00:01:16]}
19. Bxa4 {[%clk 01:20:02]} {[%emt 00:00:10]} Qa5 {[%clk 00:57:20]} {[%emt
00:00:44]} 20. b3 {[%clk 01:20:03]} {[%emt 00:00:32]} Na2+ {[%clk 00:53:16]}
{[%emt 00:04:34]} 21. Kb2 {[%clk 01:19:47]} {[%emt 00:00:46]} Bb4 {[%clk
00:53:13]} {[%emt 00:00:34]} 22. Qd3 {[%clk 01:19:23]} {[%emt 00:00:53]} Nc3
{[%clk 00:52:59]} {[%emt 00:00:44]} 23. Ra1 {[%clk 01:19:15]} {[%emt 00:00:37]}
Ne4 {[%clk 00:48:33]} {[%emt 00:04:57]} 24. Nc6 {[%clk 01:16:50]} {[%emt
00:02:54]} Bc3+ {[%clk 00:48:12]} {[%emt 00:00:52]} 25. Ka2 {[%clk 01:16:10]}
{[%emt 00:01:10]} Qc5 {[%clk 00:46:32]} {[%emt 00:02:09]} 26. Raf1 {[%clk
01:16:04]} {[%emt 00:00:37]} Bd2 {[%clk 00:40:23]} {[%emt 00:06:38]} 27. g4
{[%clk 01:14:38]} {[%emt 00:01:57]} Nc3+ {[%clk 00:39:01]} {[%emt 00:01:52]}
28. Kb2 {[%clk 01:12:58]} {[%emt 00:02:11]} Nxa4+ {[%clk 00:38:46]} {[%emt
00:00:44]} 29. bxa4 {[%clk 01:13:18]} {[%emt 00:00:10]} Qxc6 {[%clk 00:31:38]}
{[%emt 00:07:39]} 30. Qxd2 {[%clk 01:12:43]} {[%emt 00:01:04]} Qxa4 {[%clk
00:30:00]} {[%emt 00:02:08]} 31. Qd3 {[%clk 01:12:52]} {[%emt 00:00:21]} Qb4+
{[%clk 00:25:23]} {[%emt 00:05:06]} 32. Qb3 {[%clk 01:12:21]} {[%emt 00:01:03]}
Rfb8 {[%clk 00:21:08]} {[%emt 00:04:44]} 33. Ka2 {[%clk 01:11:17]} {[%emt
00:01:34]} Qa5+ {[%clk 00:19:52]} {[%emt 00:01:44]} 34. Qa3 {[%clk 01:11:30]}
{[%emt 00:00:18]} Qxa3+ {[%clk 00:20:10]} {[%emt 00:00:13]} 35. Kxa3 {[%clk
01:11:52]} {[%emt 00:00:08]} Rc8 {[%clk 00:20:33]} {[%emt 00:00:07]} 36. Rc1
{[%clk 01:12:06]} {[%emt 00:00:16]} a5 {[%clk 00:19:37]} {[%emt 00:01:26]} 37.
c3 {[%clk 01:11:49]} {[%emt 00:00:47]} Rc4 {[%clk 00:19:26]} {[%emt 00:00:41]}
38. Rhf1 {[%clk 01:12:10]} {[%emt 00:00:08]} Rac8 {[%clk 00:19:28]} {[%emt
00:00:29]} 39. Kb2 {[%clk 01:11:59]} {[%emt 00:00:41]} a4 {[%clk 00:19:37]}
{[%emt 00:00:21]} 40. Rf3 {[%clk 01:11:28]} {[%emt 00:01:00]} d4 {[%clk
00:18:55]} {[%emt 00:01:13]} 41. Rd3 {[%clk 01:10:40]} {[%emt 00:01:18]} Rb8+
{[%clk 00:12:00]} {[%emt 00:07:26]} 42. Ka2 {[%clk 01:10:49]} {[%emt 00:00:21]}
dxc3 {[%clk 00:08:29]} {[%emt 00:04:00]} 43. Rdxc3 {[%clk 01:10:37]} {[%emt
00:00:42]} Rxc3 {[%clk 00:08:14]} {[%emt 00:00:45]} 44. Rxc3 {[%clk 01:10:57]}
{[%emt 00:00:09]} f6 {[%clk 00:07:10]} {[%emt 00:01:34]} 45. exf6 {[%clk
01:11:06]} {[%emt 00:00:22]} gxf6 {[%clk 00:07:32]} {[%emt 00:00:09]} 46. Ka3
{[%clk 01:11:32]} {[%emt 00:00:03]} Rb3+ {[%clk 00:04:17]} {[%emt 00:03:45]}
47. Rxb3 {[%clk 01:11:53]} {[%emt 00:00:09]} axb3 {[%clk 00:04:42]} {[%emt
00:00:05]} 48. Kxb3 {[%clk 01:12:18]} {[%emt 00:00:05]} Kg7 {[%clk 00:00:34]}
{[%emt 00:04:38]} 49. Kc4 {[%clk 01:12:39]} {[%emt 00:00:09]} Kg6 {[%clk
00:00:48]} {[%emt 00:00:16]} 50. Kd4 {[%clk 01:12:59]} {[%emt 00:00:10]} f5
{[%clk 00:28:57]} {[%emt 00:02:22]} 51. g5 {[%clk 01:42:50]} {[%emt 00:00:38]}
h6 {[%clk 00:26:38]} {[%emt 00:02:49]} 52. h4 {[%clk 01:41:44]} {[%emt
00:01:36]} hxg5 {[%clk 00:24:32]} {[%emt 00:02:36]} 53. hxg5 {[%clk 01:41:50]}
{[%emt 00:00:25]} Kg7 {[%clk 00:23:19]} {[%emt 00:01:39]} 54. Ke5 {[%clk
01:42:14]} {[%emt 00:00:09]} Kf7 {[%clk 00:23:25]} {[%emt 00:00:22]} 55. Kd6
{[%clk 01:42:31]} {[%emt 00:00:15]} Kg7 {[%clk 00:23:11]} {[%emt 00:00:43]} 56.
Kxe6 {[%clk 01:42:55]} {[%emt 00:00:06]} Kg6 {[%clk 00:23:35]} {[%emt
00:00:07]} 57. Ke5 {[%clk 01:43:20]} {[%emt 00:00:06]} Kg7 {[%clk 00:23:42]}
{[%emt 00:00:21]} 58. Kxf5 {[%clk 01:43:44]} {[%emt 00:00:06]} Kf7 {[%clk
00:24:05]} {[%emt 00:00:07]} 59. g6+ {[%clk 01:44:06]} {[%emt 00:00:08]} Kg7
{[%clk 00:24:31]} {[%emt 00:00:04]} 60. Kg5 {[%clk 01:44:31]} {[%emt 00:00:06]}
Kf8 {[%clk 00:24:14]} {[%emt 00:00:47]} 61. f5 {[%clk 01:43:24]} {[%emt
00:01:37]} Kg7 {[%clk 00:24:11]} {[%emt 00:00:32]} 62. f6+ {[%clk 01:43:46]}
{[%emt 00:00:08]} Kf8 {[%clk 00:24:08]} {[%emt 00:00:32]} 63. Kh6 {[%clk
01:44:06]} {[%emt 00:00:12]} Kg8 {[%clk 00:24:31]} {[%emt 00:00:08]} 64. f7+
{[%clk 01:44:24]} {[%emt 00:00:11]} Kf8 {[%clk 00:24:51]} {[%emt 00:00:10]} 65.
Kh7 {[%clk 01:44:48]} {[%emt 00:00:06]} Ke7 {[%clk 00:25:15]} {[%emt 00:00:06]}
66. g7 {[%clk 01:45:13]} {[%emt 00:00:05]} Kxf7 {[%clk 00:25:41]} {[%emt
00:00:04]} 67. g8=Q+ {[%clk 01:45:05]} {[%emt 00:00:34]} Kf6 {[%clk 00:26:32]}
{[%emt 00:00:54]} 68. Qg6+ {[%clk 01:47:57]} {[%emt 00:00:04]} Ke5 {[%clk
00:26:58]} {[%emt 00:00:05]} 69. Qf7 {[%clk 01:48:21]} {[%emt 00:00:05]} Kd4
{[%clk 00:27:23]} {[%emt 00:00:05]} 70. Qe6 {[%clk 01:48:46]} {[%emt 00:00:05]}
Kd3 {[%clk 00:27:25]} {[%emt 00:00:28]} 71. Qg4 {[%clk 01:49:09]} {[%emt
00:00:07]} Ke3 {[%clk 00:27:48]} {[%emt 00:00:07]} 72. Kg6 {[%clk 01:49:32]}
{[%emt 00:00:08]} Kd3 {[%clk 00:28:14]} {[%emt 00:00:04]} 73. Qf4 {[%clk
01:49:53]} {[%emt 00:00:08]} Kc3 {[%clk 00:28:38]} {[%emt 00:00:06]} 74. Qe4
{[%clk 01:50:20]} {[%emt 00:00:04]} Kb3 {[%clk 00:29:03]} {[%emt 00:00:05]} 75.
Qd4 {[%clk 01:50:43]} {[%emt 00:00:07]} Kc2 {[%clk 00:29:29]} {[%emt 00:00:04]}
76. Qe3 {[%clk 01:51:07]} {[%emt 00:00:06]} Kd1 {[%clk 00:29:53]} {[%emt
00:00:06]} 77. Qf2 {[%clk 01:51:32]} {[%emt 00:00:05]} Kc1 {[%clk 00:30:17]}
{[%emt 00:00:05]} 78. Kf5 {[%clk 01:51:58]} {[%emt 00:00:04]} Kd1 {[%clk
00:30:40]} {[%emt 00:00:08]} 79. Ke4 {[%clk 01:52:22]} {[%emt 00:00:05]} Kc1
{[%clk 00:31:06]} {[%emt 00:00:04]} 80. Kd3 {[%clk 01:52:46]} {[%emt 00:00:06]}
Kb1 {[%clk 00:31:31]} {[%emt 00:00:05]} 81. Kc3 {[%clk 01:53:11]} {[%emt
00:00:05]} Ka1 {[%clk 00:31:55]} {[%emt 00:00:06]} 82. Qb2# {[%clk 01:53:03]}
{[%emt 00:00:06]} 1-0

[Event "DEM U12w 2022"]
[Site "Willingen GER"]
[Date "2022.06.08"]
[Round "6"]
[White "Leicher, Anna"]
[Black "Neininger, Sarah"]
[Result "1-0"]
[Termination "normal"]
[Board "10"]
[WhiteElo "1223"]
[BlackElo "1429"]
[WhiteClock "00:37:19"]
[BlackClock "00:09:10"]
[PlyCount "55"]
[WhiteFideId "34614966"]
[BlackFideId "16287410"]
[EventCountry "GER"]
[EventRounds "9"]
[EventType "swiss"]
[EventDate "2022.06.04"]

1. e4 {[%clk 01:30:59]} c5 {[%clk 01:30:53]} {[%emt 00:00:08]} 2. Nf3 {[%clk
01:31:13]} {[%emt 00:00:16]} Nc6 {[%clk 01:31:17]} {[%emt 00:00:06]} 3. Bb5
{[%clk 01:31:31]} {[%emt 00:00:12]} g6 {[%clk 01:31:39]} {[%emt 00:00:08]} 4.
a4 {[%clk 01:31:03]} {[%emt 00:00:58]} Bg7 {[%clk 01:31:45]} {[%emt 00:00:24]}
5. O-O {[%clk 01:31:11]} {[%emt 00:00:22]} Nf6 {[%clk 01:31:15]} {[%emt
00:01:00]} 6. Nc3 {[%clk 01:31:14]} {[%emt 00:00:27]} a6 {[%clk 01:28:03]}
{[%emt 00:03:43]} 7. Bxc6 {[%clk 01:31:11]} {[%emt 00:00:32]} dxc6 {[%clk
01:28:23]} {[%emt 00:00:10]} 8. h3 {[%clk 01:31:24]} {[%emt 00:00:17]} a5
{[%clk 01:27:04]} {[%emt 00:01:49]} 9. d3 {[%clk 01:31:15]} {[%emt 00:00:38]}
O-O {[%clk 01:27:00]} {[%emt 00:00:35]} 10. Be3 {[%clk 01:30:27]} {[%emt
00:01:10]} b6 {[%clk 01:27:22]} {[%emt 00:00:16]} 11. Re1 {[%clk 01:29:26]}
{[%emt 00:01:29]} Ne8 {[%clk 01:15:21]} {[%emt 00:12:33]} 12. d4 {[%clk
01:28:20]} {[%emt 00:01:35]} cxd4 {[%clk 01:15:32]} {[%emt 00:00:20]} 13. Nxd4
{[%clk 01:26:59]} {[%emt 00:01:51]} Bb7 {[%clk 01:06:23]} {[%emt 00:09:39]} 14.
Nf3 {[%clk 01:25:14]} {[%emt 00:02:15]} Qc7 {[%clk 00:52:09]} {[%emt 00:14:43]}
15. Ra3 {[%clk 01:14:49]} {[%emt 00:10:56]} Nd6 {[%clk 00:33:01]} {[%emt
00:19:38]} 16. Bf4 {[%clk 00:57:13]} {[%emt 00:18:04]} Rfd8 {[%clk 00:28:02]}
{[%emt 00:05:28]} 17. Ra1 {[%clk 00:49:19]} {[%emt 00:08:27]} Qc8 {[%clk
00:18:01]} {[%emt 00:10:31]} 18. Qc1 {[%clk 00:47:30]} {[%emt 00:02:18]} Nc4
{[%clk 00:14:12]} {[%emt 00:04:18]} 19. Bh6 {[%clk 00:45:05]} {[%emt 00:02:56]}
Bf6 {[%clk 00:13:51]} {[%emt 00:00:52]} 20. e5 {[%clk 00:44:36]} {[%emt
00:00:58]} Bg7 {[%clk 00:11:58]} {[%emt 00:02:23]} 21. Bxg7 {[%clk 00:44:23]}
{[%emt 00:00:43]} Kxg7 {[%clk 00:12:27]} {[%emt 00:00:02]} 22. b3 {[%clk
00:44:17]} {[%emt 00:00:36]} Nxe5 {[%clk 00:12:23]} {[%emt 00:00:35]} 23. Nxe5
{[%clk 00:44:10]} {[%emt 00:00:34]} c5 {[%clk 00:10:51]} {[%emt 00:02:04]} 24.
Ng4 {[%clk 00:42:08]} {[%emt 00:02:27]} Qc6 {[%clk 00:10:35]} {[%emt 00:00:47]}
25. Qh6+ {[%clk 00:40:38]} {[%emt 00:01:55]} Kg8 {[%clk 00:10:58]} {[%emt
00:00:15]} 26. f3 {[%clk 00:40:13]} {[%emt 00:00:53]} Qd6 {[%clk 00:09:45]}
{[%emt 00:01:44]} 27. Nb5 {[%clk 00:38:10]} {[%emt 00:02:35]} Qg3 {[%clk
00:09:10]} {[%emt 00:01:04]} 28. Rxe7 {[%clk 00:37:19]} {[%emt 00:01:22]} 1-0